Prelude to the cross: (Record no. 12011)

000 -LEADER
fixed length control field 00559nam a2200181 a 4500
001 - CONTROL NUMBER
control field :::00009813$&:&@@
003 - CONTROL NUMBER IDENTIFIER
control field OkBaRHE
005 - DATE AND TIME OF LATEST TRANSACTION
control field 20000607103353.0
008 - FIXED-LENGTH DATA ELEMENTS--GENERAL INFORMATION
fixed length control field s1965 j 000 0 eng u
040 ## - CATALOGING SOURCE
Transcribing agency
100 1# - MAIN ENTRY--PERSONAL NAME
Personal name Fryhling, Paul P.
245 10 - TITLE STATEMENT
Title Prelude to the cross:
Remainder of title and other sermons.
260 ## - PUBLICATION, DISTRIBUTION, ETC. (IMPRINT)
Place of publication, distribution, etc Grand Rapids, MI., :
Name of publisher, distributor, etc Baker Book House
Date of publication, distribution, etc c1965
300 ## - PHYSICAL DESCRIPTION
Extent 149 p. ;
Dimensions 19 cm.
650 ## - SUBJECT ADDED ENTRY--TOPICAL TERM
Topical term or geographic name as entry element Sermons, American
942 ## - ADDED ENTRY ELEMENTS (KOHA)
Source of classification or shelving scheme
Koha item type Books
Copies
Barcode Not for loan Full call number Source of classification or shelving scheme Permanent Location Date last seen Shelving location Date acquired Lost status Koha item type Withdrawn status Damaged status Price effective from Copy number
9813 BV 4241 .F69P7 RHEMA Bible Training College2010-04-14General Stacks2010-04-14 Books  2010-04-141